00719 2200193 4500001002100000005001500021035002000036245005500056100001700111250001700128300002800145260003100173082000800204084001400212020002200226650002100248520022700269500002900496INLIS00000000000004020240320083504 a0010-03240000401 aPermainan Mandolin Princess Amanda /cLiza Erfiana0 aLiza Erfiana acetakan ke-1 a24 hlm :bilus ;c19 cm aSolo :bTiga Ananda,c2017 a813 a813 LIZ p a978-602-366-347-7 4aCerita Bergambar a“Princess Amanda merasa kurang percaya diri karena bentuk tubuhnya. Hihi … rupanya, ada yang lebih percaya diri meski memiliki tubuh serupa dengannya. Yuk, kita ambil pelajaran berharga dari kisah Princess Amanda.” aKisah Princess Pertamaku